000 00920nam a22002415i 4500
001 78031
003 BD-RjUL
005 20211209083059.0
008 210308s2014 iq b 000 0 urd d
035 _a(BD-RjUL)78257
040 _aDLC
_beng
_erda
_cDLC
041 _aurd
082 _223
_a297.125
_bABT 2014
245 1 0 _aتفسير إبن عباس ;; Tafsīr Ibn ʻAbbās :
_b مع لباب النقول في أسباب النزول ;; mae libab al naqul fi 'asbab al nzwl /
_c; ترجمه أشرف علي تهانوي ; جلال الدين عبدالرحمن بن ابي بكر السيوطي
264 1 _akarachi :
_bKalam kampani ,
_c2014.
300 _av. ;
_c24 cm.
504 _aIncludes bibliographical references
505 _aVol.1. Fatiha to Tawba.--
600 _aعبد الله بن عباس
_9245682
650 _aQuran
_vInterpretation
_9245681
752 _aIraq
_dBaghdād.
942 _2ddc
_cBK
999 _c78031
_d78031